Atlas y tratado de odontología y estomatología / (Registro nro. 5789)

Detalles MARC
000 -CABECERA
campo de control de longitud fija 00517nam a22001937a 4500
003 - IDENTIFICADOR DEL NÚMERO DE CONTROL
campo de control AR-RoIUNI
005 - FECHA Y HORA DE LA ÚLTIMA TRANSACCIÓN
campo de control 20241122063013.0
007 - CAMPO FIJO DE DESCRIPCIÓN FÍSICA--INFORMACIÓN GENERAL
campo de control de longitud fija ta
008 - DATOS DE LONGITUD FIJA--INFORMACIÓN GENERAL
campo de control de longitud fija 231023s1923 -spa||||r|||| 001 0 spa d
040 ## - FUENTE DE LA CATALOGACIÓN
Centro/agencia transcriptor AR-RoIUNI
080 ## - NÚMERO DE LA CLASIFICACIÓN DECIMAL UNIVERSAL
Número de la Clasificación Decimal Universal 616.314 PRE
100 ## - ENTRADA PRINCIPAL--NOMBRE DE PERSONA
Nombre de persona Preiswerk, Gustavo
245 10 - MENCIÓN DE TÍTULO
Título Atlas y tratado de odontología y estomatología /
Mención de responsabilidad, etc. Gustavo Preiswerk
250 ## - MENCIÓN DE EDICIÓN
Mención de edición 2a ed.
260 ## - PUBLICACIÓN, DISTRIBUCIÓN, ETC. (PIE DE IMPRENTA)
Lugar de publicación, distribución, etc. Madrid :
Nombre del editor, distribuidor, etc. Librería Académica ,
Fecha de publicación, distribución, etc. 1923
300 ## - DESCRIPCIÓN FÍSICA
Extensión 63 p. :
Otras características físicas il. ;
Dimensiones 15 cm
650 10 - PUNTO DE ACCESO ADICIONAL DE MATERIA--TÉRMINO DE MATERIA
Término de materia o nombre geográfico como elemento inicial Odontología
9 (RLIN) 546
942 ## - ELEMENTOS DE PUNTO DE ACCESO ADICIONAL (KOHA)
Fuente del sistema de clasificación o colocación Clasificación Decimal Universal
Tipo de ítem Koha Libros
Existencias
Estado de retiro Estado de pérdida Fuente del sistema de clasificación o colocación Estado dañado Excepción de préstamo Código de colección Localización permanente Ubicación/localización actual Ubicación en estantería Fecha de adquisición Fuente de adquisición Número de inventario Total de préstamos Signatura topográfica completa Código de barras Fecha visto por última vez Precio válido a partir de Tipo de ítem Koha
    Clasificación Decimal Universal     Colección Libros Antiguos BIBLIOTECA RIOBAMBA BIBLIOTECA RIOBAMBA BIBLIOTECA RIOBAMBA 23/10/2023 Donación 8071   616.314 PRE 8071 23/10/2023 23/10/2023 Libros